Central Library OPAC University of Rajshahi

A map of modern English verse / (Record no. 17199)

MARC details
000 -LEADER
fixed length control field 00905nam a2200289 a 4500
001 - CONTROL NUMBER
control field 17199
003 - CONTROL NUMBER IDENTIFIER
rucl marc code BD-RjUL
005 - DATE AND TIME OF LATEST TRANSACTION
control field 20211209000114.0
008 - FIXED-LENGTH DATA ELEMENTS--GENERAL INFORMATION
fixed length control field 140216s1969 enk b 001 0 eng d
035 ## - SYSTEM CONTROL NUMBER
System control number 0192112791
System control number (OCoLC)753251183
-- (BD-RjUL) 17256
040 ## - CATALOGING SOURCE
Original cataloging agency DLC
Transcribing agency DLC
Modifying agency m.c
-- BD-RjUL
Language of cataloging eng
041 ## - LANGUAGE CODE
Language code of text/sound track or separate title eng
082 ## - DEWEY DECIMAL CLASSIFICATION NUMBER
Classification number 821.9109
Author mark and year PRM 1969
100 1# - MAIN ENTRY--PERSONAL NAME
Personal name Press, John.
9 (RLIN) 53040
245 12 - TITLE STATEMENT
Title A map of modern English verse /
Statement of responsibility, etc. John Press.
260 ## - PUBLICATION, DISTRIBUTION, ETC. (IMPRINT)
Place of publication, distribution, etc. London :
Name of publisher, distributor, etc. Oxford University Press,
Date of publication, distribution, etc. 1969.
300 ## - PHYSICAL DESCRIPTION
Pagination xii, 282 p. :
Size 22 cm.
504 ## - BIBLIOGRAPHY, ETC. NOTE
Bibliography, etc Includes bibliographies and index.
650 #0 - SUBJECT ADDED ENTRY--TOPICAL TERM
Topical term or geographic name as entry element English poetry
Chronological subdivision 20th century
General subdivision History and criticism.
9 (RLIN) 53041
Topical term or geographic name as entry element American poetry
Chronological subdivision 20th century
General subdivision History and criticism.
9 (RLIN) 51744
Topical term or geographic name as entry element English poetry.
9 (RLIN) 53042
Topical term or geographic name as entry element American poetry.
9 (RLIN) 53043
942 ## - ADDED ENTRY ELEMENTS (KOHA)
Source of classification or shelving scheme Dewey Decimal Classification
Koha item type Books
Holdings
Lost status Source of classification or shelving scheme Damaged status Not for loan Collection code Permanent Location Current Location Shelving location Date acquired Source of acquisition Cost, normal purchase price Total Checkouts Full call number Date last seen Copy number Koha item type
  Dewey Decimal Classification     Fiction Central Library, University of Rajshahi Central Library, University of Rajshahi   09/05/1974 Oxford University Press 27.50   821.9109 PRM 1969 16/02/2014 C-2 Books